| 000 | 01139cab a2200265 4500 | ||
|---|---|---|---|
| 001 | ABS43692 | ||
| 008 | 090401t1990 xxu||||| |||| 00| 0 eng d | ||
| 035 | _a(Sirsi) u43037 | ||
| 041 | _aeng | ||
| 100 | _aNewnham, C. | ||
| 245 | _aCalculation of compensation under the provisions of s37 of the Landlord and Tenant Act 1954 Part II | ||
| 260 | _c1990 | ||
| 350 | _a0 | ||
| 490 |
_aRent Review & Lease Renewal _v11 (1) Autumn 1990, 38-45 (8) |
||
| 520 | _aDiscusses the method of calculating compensation under the Landlord and Tenant Act 1954 s37 as amended by Local Government & Housing Act 1989 Sched 7 following abolition of domestic rates and introduction of UBR . Looks at changes to the appropriate multiplier introduced by Landlord and Tenant Act 1954 (Appropriate Multiplier) Regulations 1990 SI1990:363 . | ||
| 650 | _aCOMMUNITY CHARGE | ||
| 650 | _aDOMESTIC PROPERTY | ||
| 650 | _aLANDLORD AND TENANT ACT 1954 S37 | ||
| 650 | _aLOCAL GOVERNMENT ACT 1988 | ||
| 650 | _aRATEABLE VALUES | ||
| 650 | _aTRANSITIONAL RELIEF | ||
| 690 | _aLANDLORD AND TENANT-BUSINESS TENANCIES | ||
| 942 | _n0 | ||
| 948 | _c04/03/1997 | ||
| 999 |
_c27521 _d27521 |
||